|
|
|
|
| LEADER |
01340nab#a2200385#ar4500 |
| 001 |
000074547 |
| 003 |
SVKKK |
| 005 |
20070802122423.0 |
| 008 |
060725c xo e huno |
| FMT |
|
|
|
| 038 |
|
|
|a SVKKK
|
| 040 |
|
|
|a SVKKK
|b slo
|e AACR2
|
| 041 |
0 |
|
|a hun
|
| 044 |
|
|
|a xo
|c SK
|
| 080 |
|
|
|a 262.1
|2 1997
|
| 080 |
|
|
|a 282:262.1
|2 1997
|
| 080 |
|
|
|a 929 Bélaffy, Valentín
|2 1997
|
| 242 |
1 |
0 |
|a Z cirkevných kruhov
|
| 245 |
0 |
0 |
|a Az egyház köréböl
|
| 500 |
|
|
|a mikrofilm
|
| 520 |
2 |
|
|a Správa o inštalácii rímskokatolíckeho farára Valentína Béllafyho v Humennom [5.07.1914]. Slávnostnú inštaláciu previedol prešovský prepošt-farár Vojtech Zaborovszky
|
| 600 |
1 |
4 |
|a Bélaffy, Valentín,
|d 1870-1947,
|x farár rímskokatolícky
|z Široké (Slovensko)
|x rodák
|z Humenné, Medzilaborce, Kapušany, Humenné (Slovensko)
|x pôsobenie
|
| 650 |
0 |
4 |
|a inštalácia farára
|z Humenné (Slovensko)
|y 5.07.1914
|
| 773 |
0 |
|
|t Felvidéki Hirlap : Közgazdasági, társadalmi és szépirodalmi hetilap
|g Roč. 7, č. 26 (12.07.1914) s. 2
|
| 957 |
|
|
|a 702
|
| 957 |
|
|
|a 707
|
| 958 |
|
|
|a CI
|
| 958 |
|
|
|a DG
|
| 958 |
|
|
|a HU
|
| 974 |
|
|
|a Ba
|
| 992 |
|
|
|a RBX
|
| 997 |
|
|
|a Bélafi, Bálint p. Bélaffy, Bálint p. Bélaffy, Valentín
|d Homonna p. Humenné
|
| 997 |
|
|
|d Kapi p. Kapušany
|
| BAS |
|
|
|
| 998 |
|
|
|a RETRO
|